[Event "IV Festival Costa Viola A"]
[Site "Sant'Eufemia d'Aspromonte ITA"]
[Date "2011.01.04"]
[Round "6"]
[White "Kizov, Atanas"]
[Black "Georgiev, Vladimir"]
[Result "0-1"]
[WhiteElo "2392"]
[BlackElo "2579"]
[PlyCount "68"]
[EventDate "2011.01.02"]

1. d4 d6 2. Nf3 Nf6 3. g3 g6 4. Bg2 Bg7 5. O-O O-O 6. c4 c6 7. Nc3 Qa5 8. h3 e5
9. e4 Nbd7 10. Be3 Nb6 11. dxe5 dxe5 12. Nd2 Be6 13. Nb3 Qb4 14. Bc5 Qxc4 15.
Bxf8 Bxf8 16. Qe2 Qxe2 17. Nxe2 Nc4 18. Rab1 Rd8 19. Nc3 a5 20. Rfd1 Rxd1+ 21.
Nxd1 a4 22. Nc1 Nd2 23. Ra1 Nfxe4 24. Nd3 f6 25. Ne3 Ng5 26. h4 Ngf3+ 27. Kh1
f5 28. a3 e4 29. Nf4 Bb3 30. Ne2 Bg7 31. Nc3 Ne5 32. Bf1 Nxf1 33. Rxf1 Nd3 34.
Ned1 Nxb2 0-1

[Event "IV Festival Costa Viola A"]
[Site "Sant'Eufemia d'Aspromonte ITA"]
[Date "2011.01.04"]
[Round "6"]
[White "Marholev, Dimitar"]
[Black "Collutiis, Duilio"]
[Result "0-1"]
[WhiteElo "2401"]
[BlackElo "2463"]
[PlyCount "82"]
[EventDate "2011.01.02"]

1. Nf3 Nf6 2. c4 d6 3. d4 Nbd7 4. Nc3 e5 5. e4 Be7 6. Be2 O-O 7. O-O c6 8. Re1
a6 9. Rb1 b5 10. b4 bxc4 11. Bxc4 Rb8 12. a3 Ne8 13. d5 Nb6 14. Ba2 cxd5 15.
Nxd5 Nxd5 16. Bxd5 Nf6 17. Nd2 Nxd5 18. exd5 Qc7 19. Nb3 Rb5 20. Na5 Bb7 21.
Be3 Rxd5 22. Qb3 Ba8 23. Rec1 Qd7 24. Nc4 Rb5 25. f3 Rfb8 26. Qc3 Bd5 27. a4
Bxc4 28. axb5 axb5 29. Ra1 f6 30. Ra7 Qe6 31. Rca1 Bf8 32. Qd2 Qc8 33. Qf2 Qc6
34. h4 Qd5 35. h5 Qd3 36. Rc7 f5 37. f4 Re8 38. Qg3 exf4 39. Qxf4 Rxe3 40. Ra8
Qd1+ 41. Kf2 Qe1# 0-1

[Event "IV Festival Costa Viola A"]
[Site "Sant'Eufemia d'Aspromonte ITA"]
[Date "2011.01.04"]
[Round "6"]
[White "Petkov, Vladimir"]
[Black "Dragojlovic, Andjelko"]
[Result "1-0"]
[WhiteElo "2506"]
[BlackElo "2383"]
[PlyCount "107"]
[EventDate "2011.01.02"]

1. Nf3 Nf6 2. c4 g6 3. Nc3 Bg7 4. e4 c5 5. d4 cxd4 6. Nxd4 Nc6 7. Be3 Ng4 8.
Qxg4 Nxd4 9. Qd1 Ne6 10. Qd2 Qa5 11. Rc1 d6 12. Be2 b6 13. b3 Bb7 14. f3 h5 15.
Nd5 Qxd2+ 16. Kxd2 h4 17. f4 Bh6 18. Rhf1 f6 19. Bg4 Bxd5 20. cxd5 Nc5 21. Rc4
a5 22. Be6 g5 23. fxg5 Bxg5 24. Bxg5 fxg5 25. Rf5 b5 26. Rd4 g4 27. e5 g3 28.
hxg3 hxg3 29. exd6 exd6 30. Rg4 Ra7 31. Ke3 Re7 32. Rxg3 Kd8 33. Rg6 Kc7 34.
Rff6 Rh4 35. Rf4 Rh1 36. Rf2 Rd1 37. Rd2 Re1+ 38. Re2 Rd1 39. Kf3 Rd3+ 40. Re3
Rd2 41. Re2 Rd3+ 42. Kf2 b4 43. Rg8 a4 44. bxa4 Ra3 45. Ra8 Kb7 46. Ra5 Rc7 47.
Bf5 Rh7 48. g4 Kb6 49. Rb5+ Ka6 50. Re6 Nxe6 51. dxe6 Rc7 52. Rxb4 Rxa2+ 53.
Kf3 Rc3+ 54. Kf4 1-0

[Event "IV Festival Costa Viola A"]
[Site "Sant'Eufemia d'Aspromonte ITA"]
[Date "2011.01.04"]
[Round "6"]
[White "Lazic, Miroljub"]
[Black "Rombaldoni, Axel"]
[Result "1/2-1/2"]
[WhiteElo "2488"]
[BlackElo "2453"]
[PlyCount "68"]
[EventDate "2011.01.02"]

1. d4 f5 2. g3 Nf6 3. Bg2 e6 4. c4 Be7 5. Nc3 O-O 6. Nf3 d5 7. O-O b6 8. Bf4
Ne4 9. Rc1 c6 10. cxd5 cxd5 11. Nb5 Na6 12. Ne5 Bb7 13. h4 Nd6 14. a4 Nxb5 15.
axb5 Nb4 16. Qb3 Bd6 17. Rc3 a5 18. bxa6 Bxa6 19. Nc6 Nxc6 20. Rxc6 Bxf4 21.
gxf4 Bxe2 22. Re1 Bc4 23. Qg3 Qf6 24. Re5 Rfe8 25. b3 Ra1+ 26. Kh2 Bxb3 27.
Rxb6 Bc4 28. Bxd5 Bxd5 29. Rxd5 Ra3 30. Qxa3 Qxh4+ 31. Kg2 exd5 32. Qf3 Kh8 33.
Rd6 h6 34. Qg3 Qe7 1/2-1/2

[Event "IV Festival Costa Viola A"]
[Site "Sant'Eufemia d'Aspromonte ITA"]
[Date "2011.01.04"]
[Round "6"]
[White "Gregori, Giacomo"]
[Black "Rotunno, Giuseppe"]
[Result "0-1"]
[WhiteElo "1948"]
[BlackElo "2062"]
[PlyCount "68"]
[EventDate "2011.01.02"]

1. d4 d5 2. c4 c6 3. Nf3 Nf6 4. Qc2 e6 5. Bg5 Nbd7 6. Nc3 Be7 7. e3 O-O 8. cxd5
exd5 9. Bd3 h6 10. Bf4 b5 11. h3 Bb7 12. O-O a6 13. Rfd1 Qb6 14. Bf5 Rfd8 15.
a4 a5 16. axb5 cxb5 17. Bd3 Ba6 18. Qb3 a4 19. Qa2 Qb7 20. Rac1 a3 21. Nb1 Ne8
22. Bf5 Nb6 23. Ne5 Nd6 24. Bd3 axb2 25. Qxb2 Nbc4 26. Qb3 Na5 27. Qa2 Ndc4 28.
Bxc4 Nxc4 29. Nc3 Rdc8 30. e4 dxe4 31. Nxc4 Rxc4 32. Qb1 Ba3 33. Rc2 Rac8 34.
d5 b4 0-1

[Event "IV Festival Costa Viola A"]
[Site "Sant'Eufemia d'Aspromonte ITA"]
[Date "2011.01.04"]
[Round "6"]
[White "Panarello, Giuseppe"]
[Black "Martorelli, Antonio"]
[Result "1-0"]
[WhiteElo "1971"]
[BlackElo "2242"]
[PlyCount "101"]
[EventDate "2011.01.02"]

1. d4 d5 2. Nf3 Nf6 3. Bf4 c5 4. e3 Nc6 5. c3 Nh5 6. Be5 Qb6 7. Qb3 Nxe5 8.
Nxe5 Be6 9. Bb5+ Kd8 10. Be2 g6 11. Nd2 Bg7 12. Nef3 c4 13. Qxb6+ axb6 14. Ng5
Kd7 15. O-O Bh6 16. Nxe6 Kxe6 17. g4 Nf6 18. f4 Ne8 19. e4 b5 20. g5 Bg7 21.
Bg4+ Kd6 22. a3 e6 23. Rae1 Nc7 24. f5 exf5 25. exf5 Rhe8 26. f6 Bf8 27. Nf3
Ne6 28. Bxe6 fxe6 29. Ne5 Kc7 30. Rf3 Bd6 31. Rh3 Bxe5 32. Rxh7+ Kd6 33. Rxe5
b6 34. Rb7 Kc6 35. Rg7 b4 36. f7 Rf8 37. axb4 Kd7 38. Re2 b5 39. Kg2 Ra6 40.
Kg3 Ke7 41. Rf2 Ra1 42. h4 Rg1+ 43. Kh2 Re1 44. h5 e5 45. dxe5 Rxe5 46. hxg6
Rxg5 47. Re2+ Kf6 48. Rg8 Rh5+ 49. Kg3 Rh8 50. Rxh8 Rxh8 51. Re8 1-0

[Event "IV Festival Costa Viola A"]
[Site "Sant'Eufemia d'Aspromonte ITA"]
[Date "2011.01.04"]
[Round "6"]
[White "Scerbo, Antonio"]
[Black "Pinton, Maurizio"]
[Result "1/2-1/2"]
[WhiteElo "2123"]
[BlackElo "2029"]
[PlyCount "51"]
[EventDate "2011.01.02"]

1. d4 e6 2. c4 f5 3. g3 Nf6 4. Bg2 Be7 5. Nf3 O-O 6. O-O d6 7. Nc3 Ne4 8. Qb3
Nxc3 9. bxc3 Nc6 10. Rd1 Na5 11. Qa4 b6 12. c5 Bd7 13. Qc2 dxc5 14. dxc5 Qe8
15. Rxd7 Qxd7 16. Ne5 Qb5 17. Rb1 Qxc5 18. Nd7 Qd6 19. Nxf8 Rxf8 20. e4 Rd8 21.
Be3 Nc4 22. Qb3 Nxe3 23. fxe3 Kh8 24. Rf1 g6 25. exf5 exf5 26. e4 1/2-1/2

[Event "IV Festival Costa Viola A"]
[Site "Sant'Eufemia d'Aspromonte ITA"]
[Date "2011.01.04"]
[Round "6"]
[White "Blasco, Domenico"]
[Black "Gangemi, Salvatore"]
[Result "1-0"]
[WhiteElo "1923"]
[BlackElo "2096"]
[PlyCount "91"]
[EventDate "2011.01.02"]

1. d4 Nf6 2. Nf3 d5 3. e3 e6 4. Nbd2 c5 5. c3 Nc6 6. Bd3 Bd6 7. O-O cxd4 8.
exd4 Qc7 9. Re1 Bd7 10. Qe2 O-O-O 11. Ne5 Rdf8 12. b4 Kb8 13. Nb3 Bc8 14. a4
Nd7 15. Nxd7+ Bxd7 16. h3 e5 17. b5 e4 18. Bc2 Na5 19. Nxa5 Qxa5 20. Bd2 Qb6
21. Bb3 Bc7 22. c4 Qd6 23. g3 dxc4 24. Bf4 Qg6 25. Bxc7+ Kxc7 26. Qxc4+ Kb8 27.
Qd5 Bxh3 28. Qxe4 f5 29. Qf4+ Ka8 30. a5 Qg4 31. Qxg4 Bxg4 32. Re7 Rd8 33. Rae1
g5 34. d5 Bf3 35. a6 bxa6 36. bxa6 h5 37. Rc1 Rhe8 38. Rec7 Kb8 39. Rb7+ Ka8
40. Rbc7 h4 41. Ba4 Kb8 42. Bxe8 Rxe8 43. d6 h3 44. Kh2 f4 45. d7 Rd8 46. Rc8+
1-0

[Event "IV Festival Costa Viola A"]
[Site "Sant'Eufemia d'Aspromonte ITA"]
[Date "2011.01.04"]
[Round "6"]
[White "Cordi', Domenico"]
[Black "Furnari, Franco"]
[Result "1-0"]
[WhiteElo "2053"]
[BlackElo "1942"]
[PlyCount "91"]
[EventDate "2011.01.02"]

1. d4 Nf6 2. c4 g6 3. Nc3 Bg7 4. e4 d6 5. Nf3 O-O 6. Be2 e6 7. Bg5 h6 8. Bh4
Qe8 9. Qd2 Bd7 10. Bxf6 Bxf6 11. Qxh6 Bg7 12. Qd2 Nc6 13. O-O a6 14. Rad1 e5
15. Nd5 Rc8 16. dxe5 Nxe5 17. Nxe5 Qxe5 18. b3 Qxe4 19. Bf3 Qe8 20. Rfe1 Be6
21. Nf4 Bh6 22. Bxb7 Rb8 23. Bd5 Qd7 24. Qd4 Bxf4 25. Qxf4 Bxd5 26. cxd5 Rfe8
27. h4 Rxe1+ 28. Rxe1 Re8 29. Rxe8+ Qxe8 30. Qe3 Qd7 31. h5 gxh5 32. Qg5+ Kf8
33. Qxh5 c6 34. Qh8+ Ke7 35. Qh4+ Kf8 36. Qa4 Qe7 37. Qxc6 Qe1+ 38. Kh2 Qe5+
39. g3 Qh5+ 40. Kg2 Qe5 41. Qc4 Ke7 42. b4 f5 43. a4 Kf6 44. b5 axb5 45. axb5
Ke7 46. b6 1-0

[Event "IV Festival Costa Viola A"]
[Site "Sant'Eufemia d'Aspromonte ITA"]
[Date "2011.01.04"]
[Round "6"]
[White "Pisacane, Pietro"]
[Black "Carbone, Stefano"]
[Result "1-0"]
[WhiteElo "1920"]
[BlackElo "1905"]
[PlyCount "113"]
[EventDate "2011.01.02"]

1. d4 g6 2. c4 Bg7 3. Nf3 c5 4. d5 Nf6 5. Nc3 d6 6. e4 O-O 7. h3 Re8 8. Bd3 e6
9. O-O exd5 10. cxd5 a6 11. a4 Qc7 12. Nd2 Nbd7 13. f4 Rb8 14. Qc2 b6 15. Nc4
Bb7 16. Bd2 Ba8 17. Rae1 b5 18. axb5 axb5 19. Nxb5 Rxb5 20. Nxd6 Qxd6 21. Bxb5
Rb8 22. Bc4 Qc7 23. Bc3 Qb7 24. Ra1 Re8 25. Rfe1 Qb8 26. g3 h5 27. Qd3 Nb6 28.
Bb5 Rd8 29. Be5 Qc8 30. Ra6 c4 31. Qa3 Bf8 32. Qa5 Bc5+ 33. Kh2 Nfxd5 34. exd5
Qf5 35. Re2 Qd3 36. Rd2 Qf1 37. Bd4 Bxd5 38. Qa1 Qxa1 39. Rxa1 Be6 40. Rad1 Bb4
41. Bc3 Rxd2+ 42. Rxd2 Bxc3 43. bxc3 Nd5 44. Bxc4 Nxc3 45. Bxe6 fxe6 46. Rd7
Kf8 47. Kg2 Ne4 48. Kf3 Nf6 49. Ra7 Ng8 50. g4 hxg4+ 51. Kxg4 Ne7 52. Kg5 Kf7
53. Rxe7+ Kxe7 54. Kxg6 Kd6 55. h4 Kd5 56. Kf6 Ke4 57. Kg5 1-0

[Event "IV Festival Costa Viola A"]
[Site "Sant'Eufemia d'Aspromonte ITA"]
[Date "2011.01.04"]
[Round "6"]
[White "Balzano, Filli"]
[Black "Luvera', Filippo"]
[Result "0-1"]
[WhiteElo "1803"]
[BlackElo "1930"]
[PlyCount "94"]
[EventDate "2011.01.02"]

1. e4 c5 2. c3 Nf6 3. e5 Nd5 4. d4 cxd4 5. Qxd4 e6 6. Nf3 Be7 7. Nbd2 O-O 8.
Bd3 d6 9. Nc4 dxe5 10. Ncxe5 Nf6 11. O-O Qxd4 12. Nxd4 Nbd7 13. Nxd7 Bxd7 14.
Re1 Rfd8 15. Bc2 h6 16. Bf4 Rac8 17. Bb3 a6 18. h3 b5 19. Nf3 Bc6 20. Ne5 Bd5
21. Bxd5 Nxd5 22. Bh2 Nb6 23. Rac1 Rd2 24. Rb1 Na4 25. Bf4 Rxb2 26. Rxb2 Nxb2
27. Re2 Na4 28. Nf3 Rxc3 29. Rd2 Nc5 30. Nd4 Rd3 31. Rxd3 Nxd3 32. Bd2 Bc5 33.
Be3 e5 34. Nc6 Bxe3 35. fxe3 f6 36. a3 Kf7 37. Kf1 Ke6 38. Ke2 Nb2 39. Nb4 a5
40. Nc2 Kd5 41. Kf3 f5 42. g3 Nc4 43. g4 g6 44. gxf5 gxf5 45. h4 h5 46. Ke2 Ke4
47. Kf2 Kd3 0-1

[Event "IV Festival Costa Viola A"]
[Site "Sant'Eufemia d'Aspromonte ITA"]
[Date "2011.01.05"]
[Round "7"]
[White "Naumkin, Igor"]
[Black "Kizov, Atanas"]
[Result "1-0"]
[WhiteElo "2499"]
[BlackElo "2392"]
[PlyCount "67"]
[EventDate "2011.01.02"]

1. d4 d5 2. c4 dxc4 3. Nf3 Nf6 4. e3 e6 5. Bxc4 c5 6. O-O a6 7. a4 Nc6 8. Qe2
Be7 9. Rd1 Qc7 10. Nc3 O-O 11. h3 b6 12. d5 exd5 13. Bxd5 Bb7 14. e4 Rad8 15.
Bg5 h6 16. Bh4 Nb4 17. Bxb7 Qxb7 18. e5 Nfd5 19. Bxe7 Nxe7 20. Ne4 Qc6 21. Nd6
Nc8 22. Nf5 Rfe8 23. N3h4 Kh7 24. Qg4 g6 25. Ne3 Qe6 26. Qf3 h5 27. Qb7 Kg7 28.
Nf3 Rxd1+ 29. Rxd1 Re7 30. Qe4 Qb3 31. Qf4 Qe6 32. Rd8 Re8 33. Ng5 Qe7 34. Qf6+
1-0

[Event "IV Festival Costa Viola A"]
[Site "Sant'Eufemia d'Aspromonte ITA"]
[Date "2011.01.05"]
[Round "7"]
[White "Marholev, Dimitar"]
[Black "Lazic, Miroljub"]
[Result "1/2-1/2"]
[WhiteElo "2401"]
[BlackElo "2488"]
[PlyCount "83"]
[EventDate "2011.01.02"]

1. e4 d6 2. d4 Nf6 3. Nc3 e5 4. Nf3 Nbd7 5. Bc4 Be7 6. O-O O-O 7. Re1 c6 8. a4
a5 9. Bg5 h6 10. Bh4 Nh5 11. Bg3 Nxg3 12. hxg3 Qb6 13. Ra3 exd4 14. Nxd4 Bf6
15. Nf5 Ne5 16. Ne3 Nxc4 17. Nxc4 Qc5 18. Ne3 Be6 19. Qd3 Ra6 20. Ncd1 Rb6 21.
c4 Bxb2 22. Nxb2 Rxb2 23. Rc1 f5 24. exf5 Rxf5 25. Rf1 Rf6 26. Rb3 Rxb3 27.
Qxb3 d5 28. cxd5 cxd5 29. Qxb7 d4 30. Nd1 Rf7 31. Qb1 Bf5 32. Qb8+ Kh7 33. Nb2
Bg6 34. g4 Qg5 35. Nc4 Bd3 36. Ne5 Bxf1 37. Nxf7 Qe7 38. Qb1+ g6 39. Qxf1 Qxf7
40. Qb5 Qc7 41. g3 Kg7 42. Qd5 1/2-1/2

[Event "IV Festival Costa Viola A"]
[Site "Sant'Eufemia d'Aspromonte ITA"]
[Date "2011.01.05"]
[Round "7"]
[White "Rotunno, Giuseppe"]
[Black "Rombaldoni, Axel"]
[Result "0-1"]
[WhiteElo "2062"]
[BlackElo "2453"]
[PlyCount "146"]
[EventDate "2011.01.02"]

1. d4 Nf6 2. c4 g6 3. Nc3 d5 4. e3 Bg7 5. Nf3 O-O 6. h3 a6 7. a3 dxc4 8. Bxc4
b5 9. Be2 Bb7 10. O-O c5 11. dxc5 Nbd7 12. c6 Bxc6 13. Nd4 Bb7 14. Bf3 Bxf3 15.
Qxf3 Ne5 16. Qe2 Rc8 17. Rd1 Qb6 18. Bd2 Nc4 19. Be1 Rfd8 20. Nf3 Rxd1 21. Rxd1
e6 22. Rc1 Nd6 23. Rc2 h6 24. Nd1 Rxc2 25. Qxc2 Nfe4 26. Nd2 Qc5 27. Qd3 Qc1
28. Qb1 Qxb1 29. Nxb1 Nc4 30. b4 f5 31. f3 Ned6 32. Kf2 Kf7 33. Ndc3 Nb6 34.
Ke2 g5 35. g4 Ndc4 36. f4 Kg6 37. Kf3 Nb2 38. Ne2 Nd5 39. Nec3 Nb6 40. Ne2 Nd5
41. Nec3 Nf6 42. Bd2 gxf4 43. exf4 Nc4 44. Bc1 Nd7 45. gxf5+ Kxf5 46. Ne2 e5
47. Ng3+ Ke6 48. fxe5 Ndxe5+ 49. Ke2 Nc6 50. Nh5 Bf8 51. Nf4+ Kd6 52. Nd3 Nd4+
53. Kf2 Nb3 54. Be3 Nxe3 55. Kxe3 Kd5 56. Nd2 Nxd2 57. Kxd2 Kc4 58. Kc2 Bd6 59.
Nb2+ Kd4 60. Nd3 h5 61. Kd2 Ke4 62. Ke2 Be7 63. Ne1 Kd4 64. Nd3 Kc4 65. Ke3 h4
66. Ke4 Bd6 67. Ke3 Bc7 68. Nc5 Bb6 69. Kf4 Bxc5 70. bxc5 Kxc5 71. Kg4 a5 72.
Kxh4 b4 73. axb4+ axb4 0-1

[Event "IV Festival Costa Viola A"]
[Site "Sant'Eufemia d'Aspromonte ITA"]
[Date "2011.01.05"]
[Round "7"]
[White "Dragojlovic, Andjelko"]
[Black "Panarello, Giuseppe"]
[Result "1-0"]
[WhiteElo "2383"]
[BlackElo "1971"]
[PlyCount "73"]
[EventDate "2011.01.02"]

1. e4 c5 2. Nf3 d6 3. c3 Nf6 4. Be2 Nbd7 5. Qc2 Qc7 6. d4 e6 7. O-O Be7 8. Bd3
O-O 9. Qe2 e5 10. h3 Re8 11. dxe5 dxe5 12. Bg5 Nf8 13. a4 Ng6 14. Nbd2 Be6 15.
Bc4 Bxc4 16. Nxc4 Rad8 17. Rfd1 Rxd1+ 18. Rxd1 Rd8 19. Rxd8+ Bxd8 20. Qd1 Be7
21. Bxf6 Bxf6 22. g3 h5 23. h4 Ne7 24. Nfd2 g6 25. Nf1 Kg7 26. Nfe3 b6 27. Nd6
Qc6 28. Nec4 Nc8 29. Nxc8 Qxc8 30. Qd5 Qe6 31. Qxe6 fxe6 32. a5 bxa5 33. Nxa5
Kf7 34. Nc6 a6 35. Nb8 a5 36. Nd7 Be7 37. Nxe5+ 1-0

[Event "IV Festival Costa Viola A"]
[Site "Sant'Eufemia d'Aspromonte ITA"]
[Date "2011.01.05"]
[Round "7"]
[White "Scerbo, Antonio"]
[Black "Blasco, Domenico"]
[Result "0-1"]
[WhiteElo "2123"]
[BlackElo "1923"]
[PlyCount "112"]
[EventDate "2011.01.02"]

1. Nf3 g6 2. g3 Bg7 3. Bg2 e5 4. d3 Nc6 5. c4 d6 6. Nc3 Nge7 7. O-O O-O 8. Rb1
f5 9. Bd2 h6 10. e3 Be6 11. b4 e4 12. Nd4 Nxd4 13. exd4 d5 14. dxe4 dxe4 15. d5
Bf7 16. Qc2 c6 17. dxc6 Nxc6 18. c5 Bc4 19. Rfd1 Bd3 20. Qb3+ Kh7 21. Be3 Nd4
22. Bxd4 Qxd4 23. Rbc1 a6 24. Nd5 Qe5 25. Nf4 Bb5 26. a4 Be8 27. Bf1 Bf7 28.
Bc4 Bxc4 29. Qxc4 e3 30. Rd7 exf2+ 31. Kxf2 Rae8 32. b5 Qe3+ 33. Kg2 Re4 34.
Qc3 Qxc3 35. Rxc3 axb5 36. axb5 Kg8 37. Rc2 g5 38. Nh5 Bd4 39. Rxb7 f4 40. gxf4
gxf4 41. c6 f3+ 42. Kh3 f2 43. Ng3 Re3 44. Kh4 Rf4+ 45. Kh5 Bg7 46. Rc5 Rxg3
47. hxg3 f1=Q 48. gxf4 Qh3+ 49. Kg6 Qg4+ 50. Rg5 Qe6+ 51. Kh5 hxg5 52. Rb8+ Kh7
53. c7 Qh6+ 54. Kg4 Qh4+ 55. Kf5 Qxf4+ 56. Ke6 Qxc7 0-1

[Event "IV Festival Costa Viola A"]
[Site "Sant'Eufemia d'Aspromonte ITA"]
[Date "2011.01.05"]
[Round "7"]
[White "Gregori, Giacomo"]
[Black "Cordi', Domenico"]
[Result "1-0"]
[WhiteElo "1948"]
[BlackElo "2053"]
[PlyCount "60"]
[EventDate "2011.01.02"]

1. e4 Nf6 2. Bc4 d5 3. exd5 Nxd5 4. d4 c6 5. Nf3 Bg4 6. O-O e6 7. Be3 Be7 8.
Be2 Nd7 9. c4 Nxe3 10. fxe3 O-O 11. Nc3 e5 12. Kh1 exd4 13. exd4 Qc7 14. Qd2
Rad8 15. Rad1 h6 16. Qc2 Bh5 17. Bd3 Nf6 18. d5 Bd6 19. dxc6 bxc6 20. Qf2 Rfe8
21. Bc2 Bxf3 22. Qxf3 Bxh2 23. Qh3 Rxd1 24. Rxd1 Bg3 25. Qf5 Re5 26. Qf3 Rh5+
27. Kg1 Qb6+ 28. Kf1 Rh1+ 29. Ke2 Rxd1 30. Nxd1 Qxb2 1-0

[Event "IV Festival Costa Viola A"]
[Site "Sant'Eufemia d'Aspromonte ITA"]
[Date "2011.01.05"]
[Round "7"]
[White "Martorelli, Antonio"]
[Black "Pinton, Maurizio"]
[Result "1-0"]
[WhiteElo "2242"]
[BlackElo "2029"]
[PlyCount "79"]
[EventDate "2011.01.02"]

1. e4 d5 2. exd5 Qxd5 3. Nc3 Qd6 4. d4 Nf6 5. Nf3 a6 6. Bd3 Nc6 7. O-O Bg4 8.
Ne4 Nxe4 9. Bxe4 O-O-O 10. Bxc6 Qxc6 11. Ne5 Bxd1 12. Nxc6 bxc6 13. Rxd1 c5 14.
Be3 cxd4 15. Rxd4 e5 16. Rxd8+ Kxd8 17. Rd1+ Kc8 18. Rd5 Bd6 19. Kf1 Kd7 20.
Ra5 Ra8 21. c4 c6 22. c5 Bc7 23. Ra4 f5 24. f4 exf4 25. Bxf4 Bxf4 26. Rxf4 Ke6
27. Rd4 Rc8 28. Rd6+ Ke5 29. Rd7 Rb8 30. b3 Rb5 31. Rxg7 Rxc5 32. Rxh7 Rc1+ 33.
Kf2 Rc2+ 34. Kf3 Rxa2 35. h4 Ra3 36. Rb7 c5 37. h5 c4 38. h6 Rxb3+ 39. Rxb3
cxb3 40. h7 1-0

[Event "IV Festival Costa Viola A"]
[Site "Sant'Eufemia d'Aspromonte ITA"]
[Date "2011.01.05"]
[Round "7"]
[White "Carbone, Stefano"]
[Black "Gangemi, Salvatore"]
[Result "0-1"]
[WhiteElo "1905"]
[BlackElo "2096"]
[PlyCount "95"]
[EventDate "2011.01.02"]

1. c4 e5 2. g3 Nf6 3. Bg2 Bc5 4. Nc3 O-O 5. a3 a5 6. d3 c6 7. Nf3 d6 8. Bg5 h6
9. Bxf6 Qxf6 10. Ne4 Qe7 11. Nxc5 dxc5 12. O-O Nd7 13. Qc2 Nf6 14. Nd2 Bf5 15.
Ne4 Bxe4 16. dxe4 Rfd8 17. Rfd1 b5 18. e3 Ne8 19. Rac1 Rxd1+ 20. Rxd1 Rb8 21.
Bf1 b4 22. a4 b3 23. Qd2 Rb4 24. Qd8 Qxd8 25. Rxd8 Kf8 26. Rc8 Rxa4 27. Rxc6
Ra1 28. Rxc5 a4 29. Rb5 Nd6 30. Rb8+ Ke7 31. Kg2 Nxe4 32. Rb7+ Kd6 33. Rb6+ Ke7
34. Be2 Nc5 35. Rb8 Ra2 36. Rc8 Kd6 37. Rd8+ Kc7 38. Rd5 Kc6 39. Rxe5 Rxb2 40.
Bf3+ Kb6 41. Re7 a3 42. Rxf7 a2 43. Rxg7 a1=Q 44. Rg6+ Ka5 45. Rxh6 Rb1 46. Bd5
Rg1+ 47. Kf3 Qd1+ 48. Kf4 0-1

[Event "IV Festival Costa Viola A"]
[Site "Sant'Eufemia d'Aspromonte ITA"]
[Date "2011.01.05"]
[Round "7"]
[White "Furnari, Franco"]
[Black "Balzano, Filli"]
[Result "1/2-1/2"]
[WhiteElo "1942"]
[BlackElo "1803"]
[PlyCount "119"]
[EventDate "2011.01.02"]

1. e4 c6 2. d4 d5 3. e5 Bf5 4. Bd3 Bxd3 5. Qxd3 e6 6. Ne2 Qb6 7. O-O c5 8. c3
Nc6 9. Nd2 Nge7 10. Nf3 cxd4 11. Nexd4 Nxd4 12. Nxd4 Nc6 13. Nxc6 bxc6 14. b4
Be7 15. Be3 Qc7 16. Bd4 O-O 17. f4 c5 18. bxc5 Bxc5 19. Rf3 Rac8 20. f5 Qxe5
21. Raf1 Bxd4+ 22. cxd4 Qe4 23. Qxe4 dxe4 24. Re3 exf5 25. Rxf5 Rc1+ 26. Kf2
Rc2+ 27. Kg3 Rxa2 28. Rxe4 Ra6 29. Re7 Rd6 30. Rxa7 Rxd4 31. h3 g6 32. Re5 Kg7
33. Ree7 Rd5 34. Reb7 Rf5 35. Rb2 Rd5 36. Rf2 Rd3+ 37. Kh2 Rd6 38. Kg3 Rf6 39.
Rb2 h5 40. h4 Rf5 41. Kh3 Re5 42. Rb3 Rfe8 43. Rf3 R8e7 44. Rxe7 Rxe7 45. Kg3
Re4 46. Ra3 Rg4+ 47. Kh3 g5 48. hxg5 Rxg5 49. g3 Kg6 50. Rf3 Re5 51. Rf4 Re1
52. Ra4 Re5 53. Ra6+ f6 54. Ra4 Kg5 55. Rb4 f5 56. Rb8 Re6 57. Rg8+ Rg6 58. Rh8
Rf6 59. Rg8+ Rg6 60. Rh8 1/2-1/2

[Event "IV Festival Costa Viola A"]
[Site "Sant'Eufemia d'Aspromonte ITA"]
[Date "2011.01.05"]
[Round "7"]
[White "Luvera', Filippo"]
[Black "Pisacane, Pietro"]
[Result "1/2-1/2"]
[WhiteElo "1930"]
[BlackElo "1920"]
[PlyCount "76"]
[EventDate "2011.01.02"]

1. e4 e6 2. d4 d5 3. Nd2 Nf6 4. e5 Nfd7 5. Bd3 c5 6. c3 b6 7. Ne2 Ba6 8. Nf3
Bxd3 9. Qxd3 Be7 10. O-O Nc6 11. a3 Na5 12. Nd2 cxd4 13. cxd4 Rc8 14. Qg3 g6
15. b4 Nc4 16. Nf3 Bf8 17. h4 h6 18. Nf4 Qe7 19. Re1 Kd8 20. Qg4 Kc7 21. Nd2
Nxd2 22. Bxd2 h5 23. Rac1+ Kb7 24. Qg3 Bg7 25. Rxc8 Rxc8 26. Rc1 Rxc1+ 27. Bxc1
Qf8 28. Qc3 Bh6 29. b5 Qc8 30. Qxc8+ Kxc8 31. Nd3 Bxc1 32. Nxc1 f6 33. f4 f5
34. a4 Nf8 35. Nd3 Nd7 36. Nb4 Nb8 37. Kf2 Kb7 38. Ke3 a5 1/2-1/2

[Event "IV Festival Costa Viola A"]
[Site "Sant'Eufemia d'Aspromonte ITA"]
[Date "2011.01.05"]
[Round "8"]
[White "Rombaldoni, Axel"]
[Black "Georgiev, Vladimir"]
[Result "1/2-1/2"]
[WhiteElo "2453"]
[BlackElo "2579"]
[PlyCount "27"]
[EventDate "2011.01.02"]

1. e4 e5 2. Nf3 Nc6 3. Bc4 Bc5 4. c3 Nf6 5. d3 O-O 6. O-O d5 7. exd5 Nxd5 8.
Re1 Bg4 9. h3 Bh5 10. a4 a5 11. Nbd2 Nb6 12. Ne4 Nxc4 13. Nxc5 Nd6 14. g4
1/2-1/2

[Event "IV Festival Costa Viola A"]
[Site "Sant'Eufemia d'Aspromonte ITA"]
[Date "2011.01.05"]
[Round "8"]
[White "Petkov, Vladimir"]
[Black "Collutiis, Duilio"]
[Result "1/2-1/2"]
[WhiteElo "2506"]
[BlackElo "2463"]
[PlyCount "25"]
[EventDate "2011.01.02"]

1. Nf3 Nf6 2. c4 c6 3. Nc3 d5 4. e3 e6 5. b3 Bd6 6. Bb2 O-O 7. Qc2 Nbd7 8. h3
Qe7 9. Be2 b6 10. cxd5 cxd5 11. Nb5 Bc5 12. a3 a6 13. Nbd4 1/2-1/2

[Event "IV Festival Costa Viola A"]
[Site "Sant'Eufemia d'Aspromonte ITA"]
[Date "2011.01.05"]
[Round "8"]
[White "Dragojlovic, Andjelko"]
[Black "Naumkin, Igor"]
[Result "0-1"]
[WhiteElo "2383"]
[BlackElo "2499"]
[PlyCount "44"]
[EventDate "2011.01.02"]

1. e4 e5 2. Nf3 Nc6 3. Bc4 Bc5 4. c3 Nf6 5. b4 Bb6 6. d3 d6 7. a4 a6 8. Nbd2
O-O 9. Ba2 Ng4 10. O-O Kh8 11. h3 Nh6 12. Nc4 Ba7 13. Bg5 f6 14. Be3 f5 15.
Bxa7 Rxa7 16. exf5 Nxf5 17. Ne3 Ra8 18. Nd2 Nce7 19. Qe2 Ng6 20. Nxf5 Bxf5 21.
Bb1 Nf4 22. Qe3 Bxh3 0-1

[Event "IV Festival Costa Viola A"]
[Site "Sant'Eufemia d'Aspromonte ITA"]
[Date "2011.01.05"]
[Round "8"]
[White "Blasco, Domenico"]
[Black "Drasko, Milan"]
[Result "0-1"]
[WhiteElo "1923"]
[BlackElo "2486"]
[PlyCount "108"]
[EventDate "2011.01.02"]

1. d4 e6 2. Nf3 Nf6 3. e3 c5 4. Bd3 d5 5. c3 Nbd7 6. Nbd2 Bd6 7. O-O O-O 8. Re1
Qc7 9. h3 b6 10. e4 cxd4 11. Nxd4 Nc5 12. Bc2 dxe4 13. Nxe4 Ncxe4 14. Bxe4 Nxe4
15. Rxe4 Rd8 16. Qh5 Qc5 17. Qh4 Be7 18. Qg3 Bf6 19. Bf4 Bb7 20. Ree1 Rd5 21.
Nf3 Rd3 22. Re3 Rxe3 23. Bxe3 Qb5 24. Rd1 Qxb2 25. Rd7 Bd5 26. Bd4 Bxd4 27.
cxd4 Qb1+ 28. Kh2 Qg6 29. Qd6 h6 30. a3 b5 31. Qe7 Rc8 32. Rd8+ Rxd8 33. Qxd8+
Kh7 34. Qa5 Bxf3 35. gxf3 Qd3 36. Kg2 Qxd4 37. Qxb5 g5 38. a4 Qd5 39. Qb4 Kg7
40. a5 a6 41. Qc3+ e5 42. Qb4 Qe6 43. h4 gxh4 44. Qxh4 Qg6+ 45. Kf1 Qd3+ 46.
Kg2 Qd2 47. Qa4 h5 48. Qa3 Qg5+ 49. Kh3 Qg1 50. Kh4 Qxf2+ 51. Kxh5 Qg3 52. Qe7
Qxf3+ 53. Kg5 Qf4+ 54. Kh5 Qf5+ 0-1

[Event "IV Festival Costa Viola A"]
[Site "Sant'Eufemia d'Aspromonte ITA"]
[Date "2011.01.05"]
[Round "8"]
[White "Panarello, Giuseppe"]
[Black "Marholev, Dimitar"]
[Result "0-1"]
[WhiteElo "1971"]
[BlackElo "2401"]
[PlyCount "58"]
[EventDate "2011.01.02"]

1. Nf3 Nf6 2. g3 g6 3. Bg2 Bg7 4. O-O O-O 5. d3 d5 6. Nbd2 Nc6 7. c3 a5 8. a4
b6 9. Re1 Ba6 10. Qc2 e5 11. Rb1 Qe7 12. e4 dxe4 13. dxe4 Rad8 14. Bf1 Bb7 15.
Nc4 Rfe8 16. b3 h6 17. Bh3 Nh7 18. Ba3 Qf6 19. Bg2 Ba6 20. Qe2 Qe6 21. Bf1 h5
22. h4 Bh6 23. Rbd1 Nf6 24. Kg2 Qg4 25. Nfd2 Bxc4 26. bxc4 Qxe2 27. Rxe2 Rd7
28. f3 Red8 29. Bc1 Rd3 0-1